| 000 | 00000nam##2200000za#4500 |
| 001 | 9.571033 |
| 003 | CaOODSP |
| 005 | 20210624182527 |
| 007 | cr ||||||||||| |
| 008 | 150406|2002||||xxc|||||o f|0| 0 eng|d |
| 040 | |aCaOODSP|beng |
| 043 | |an-cn--- |
| 086 | 1 |aYC17-0/372-7E-PDF |
| 110 | 1 |aCanada. |bParliament. |bSenate. |bStanding Committee on Social Affairs, Science and Technology. |
| 245 | 10|aReport on the document entitled Santé en français - pour un meilleur accès à des services de santé en français (French-language healthcare - improving access to French-language health services) / |h[electronic resource]|cThe Honourable Michael J.L. Kirby, chair ; the Honourable Marjory LeBreton, deputy chair. |
| 260 | |aOttawa - Ontario : |bSenate. |cDecember 2002. |
| 300 | |a35p.|bfig., references, tables |
| 490 | 1 |aReport of the Standing Senate Committee on Social Affairs, Science and Technology|v[37th Parliament, 2nd Session, 7th report] |
| 590 | |a11-12-Supp|b2011-07-29 |
| 775 | 08|tRapport sur le document intitulé Santé en français - pour un meilleur accès à des services de santé en français / |w(CaOODSP)9.601676 |
| 830 | #0|aReport of the Standing Senate Committee on Social Affairs, Science and Technology ;|v[37th Parliament, 2nd Session, 7th report]|w(CaOODSP)9.505256 |
| 856 | 40|ahttp://publications.gc.ca|qPDF|s295 KB|uhttps://publications.gc.ca/collections/collection_2011/sen/yc17-0/YC17-0-372-7-eng.pdf|y[37th Parliament, 2nd Session, 7th report] |